| 000 | 01163nam a22001937a 4500 | ||
|---|---|---|---|
| 999 |
_c59636 _d59636 |
||
| 003 | Ge_BSU | ||
| 005 | 20230327111620.0 | ||
| 008 | 230327s2021 ge ||||| |||| 00| 0 geo d | ||
| 020 | _a9789941183553 | ||
| 041 | _ageo | ||
| 080 | _a347.918(479.22) მ-48 | ||
| 245 |
_aმედიაციის მნიშვნელობა და განვითარების პერსპექტივა საქართველოში _cრედაქტორი: დავით მაისურაძე; მთარგმნელი: ანა მარჯანიძე. |
||
| 264 |
_aთბილისი: _b ილიას სახელმწიფო უნივერსიტეტის გამომცემლობა, _c2021. |
||
| 300 |
_a85 გვ.; _b21 სმ. |
||
| 500 | _aგამოცემა მომზადებულია ევროკავშირის დაფინანსებით | ||
| 700 |
_aმაისურაძე, დავით _eრედაქტორი _95582 |
||
| 700 |
_aმარჯანიძე, ანა _eმთარგმნელი _917270 |
||
| 942 |
_2udc _cBK |
||